1293 1136 1879 1842 1569 1258 1423 1000 1623 1752 1957 1848 1212 1838 1014 1532 1358 1414 1222 1862 1892 1956 1597 1309 1380 1222 1746 1165 1546 1749 1211 1869 1949 1806 1537 1962 1788 1744 1874 1604 1114 1591 1896 1819 1760 1001 1848 1540 1151 1967 1013 1118 1847 1185 1915 1975 1615 1889 1321 1951 1274 1052 1822 1919 1939 1662 1815 1753 1642 1381 1728 1586 1922 1853 1182 1324 1755 1580 1970 1550 1384 1861 1993 1861 1552 1191 1598 1622 1253 1762 1277 1893 1462 1609 1971 1340 1371 1555 1814 BCNSPRNW ULIB Ver.6.0+V

เปลี่ยนเป็นภาษาไทย

Change to English
 แสดงรายละเอียดบรรณานุกรม
  กลับหน้าหลัก

Brief Record : Get Marc (ISO 2709) : E-mail record : QR code < ปิดหน้าต่าง
LEADER : 00000nam 2200000uu 4500
001    13399112411
003     ULIB
008    110815s2541||||th 000 0 tha d
020    9789742550837
050  4 QH308.2^bช728ช ล.3 2541
100 0  เชาวน์ ชิโนรักษ์
245 10 ชีววิทยา เล่ม 3 /^cเชาวน์ ชิโนรักษ์, พรรณี ชิโนรักษ์
246 30 ชีววิทยา 3
250    พิมพ์ครั้งที่ 1
260    กรุงเทพฯ :^bศิลปาบรรณาคาร,^c2541
300    ก-ฎ, 510 หน้า :^bภาพประกอบ ;^c24 ซม.
650  0 Biology
650  4 ชีววิทยา
700 0  พรรณี ชิโนรักษ์
945    ^p170^l0^i18492
945    ^p170^l0^i18493
945    ^p170^l0^i19894
945    ^p170^l0^i19895
995    กัณชพร
999 ^a ใช้งานได้ทุกระบบ
รายการนี้ยังไม่มีแท็ก
คุณยังไม่ได้ล็อกอิน คุณสามารถมีกิจกรรมร่วมกับเว็บไซต์ได้ แต่ต้องล็อกอินก่อน ::
  ล็อกอิน

รายการสื่อสารสนเทศ

ลำดับที่ ประเภท เลขเรียก/บาร์โค้ด สถานที่ สถานะ
- ไม่พบข้อมูล -

รายการใกล้เคียง
    ผู้แต่ง [เชาวน์ ชิโนรักษ์]

    หัวเรื่อง [Biology]
    หัวเรื่อง [ชีววิทยา]

BibComment


ยังไม่เคยถูกคอมเมนท์

คอมเมนท์ทรัพยากรรายการนี้
  คอมเมนท์: ชีววิทยา เล่ม 3 ..


 Copyright 2026. Bcnsprnw @Library